000 00346nam a22001457a 4500
003 OSt
005 20160727222458.0
008 160705b xxu||||| |||| 00| 0 eng d
040 _cTEST
100 _92226
_a Nair, B
245 _a22 Short Stories
260 _aN.D
_b Children Books Trust
_c2003
300 _a22 Short Stories
942 _2ddc
_cBK
999 _c1914
_d1914